[Event "Nova Petropolis Gaucho op"]
[Site "Nova Petropolis"]
[Date "2015.03.15"]
[Round "6"]
[White "Rodrigues, Fabiano De Almeida"]
[Black "Pfluck, Filipe Hebestreit"]
[Result "1-0"]
[WhiteElo "1800"]
[BlackElo "1800"]
[PlyCount "27"]
[EventDate "2015.03.13"]
[EventType "swiss"]
[EventRounds "7"]
[EventCountry "BRA"]
[SourceTitle "CBM 165 Extra"]
[Source "ChessBase"]
[SourceDate "2015.04.21"]
[SourceVersion "1"]
[SourceVersionDate "2015.04.21"]
[SourceQuality "1"]

1. e4 c5 2. Nf3 d6 3. d4 Nf6 4. dxc5 e5 5. cxd6 Bxd6 6. Bb5+ Bd7 7. Qxd6 Bxb5 8. Qxe5+ Kf8 9. Qxb5 Qe7 10. 0-0 g6 11. Bg5 Kg7 12. e5 Nbd7 13. exf6+ Nxf6 14. Nc3 1-0